| 000 | 01328cam a22003497a 4500 | ||
|---|---|---|---|
| 003 | CHAP | ||
| 005 | 20220329141957.0 | ||
| 008 | 981104d1998 mx a r 00110 spa d | ||
| 010 | _a76580 | ||
| 011 | _a77552 | ||
| 035 | _a87161 | ||
| 040 | _cCHAP | ||
| 090 | _aTesis | ||
| 100 | 0 | 0 |
_aBeltrán López, Ericka Guadalupe. _911459 |
| 245 | 1 | 0 |
_aControl integrado de las enfermedades foliares de trigo (Triticum aestivum L.) de temporal en Juchitepec, Estado de México _c/por Ericka Guadalupe Beltrán López |
| 260 |
_aChapingo, Méx. : _bEl autor, _c1998. |
||
| 300 |
_a94 h. : _bilus. ; gráfs. ; cuadros |
||
| 502 | _aTesis (Ing. Agr. Esp. en Parasitología Agrícola) -- UACH. Departamento de Parasitología Agrícola | ||
| 590 |
_aALEPH _b10 _c20130110 _lUCH01 _h1426 |
||
| 590 |
_aBATCH-UPD _b10 _c20130110 _lUCH01 _h0657 |
||
| 590 |
_aBATCH-UPD _b10 _c20130410 _lUCH01 _h0342 |
||
| 590 |
_aBATCH-UPD _b10 _c20130914 _lUCH01 _h0558 |
||
| 590 |
_aCONVERSION _b10 _c20130109 _lUCH01 _h1342 |
||
| 650 | 1 | 4 |
_aManejo integrado de enfermedades. _970364 |
| 650 | 1 | 4 |
_aTrigo _xEnfermedades. _9115017 |
| 650 | 1 | 4 |
_aTrigo _zMéxico (Edo.). _9115131 |
| 901 | _aBK | ||
| 905 | _aMarco A. Mendoza T. | ||
| 942 | _cFOLL | ||
| 949 |
_bBC _cTES _d33724000590600 _eTS2 _fc.2 _h33009 _i87161 _sb |
||
| 949 |
_bBC _cTES _d871611 _eTS1 _h33008 _i87161 _sb |
||
| 999 |
_c76580 _d76580 |
||